[Event "Serbia Championship 2006"]
[Site "Vrnjacka Banja"]
[Date "2006.02.02"]
[Round "6"]
[White "Jokic, Miodrag"]
[Black "Ristovic, Mileta"]
[Result "1/2-1/2"]
[WhiteElo "2172"]
[BlackElo "2132"]
[PlyCount "49"]
[EventDate "2006.??.??"]

1. d4 Nf6 2. c4 e6 3. Nf3 b6 4. e3 Bb7 5. Bd3 Bb4+ 6. Nbd2 Be4 7. Bxe4 Nxe4 8.
O-O Nxd2 9. Bxd2 Bxd2 10. Qxd2 d6 11. e4 O-O 12. Rad1 Nd7 13. e5 Qe7 14. Qc2
Rfd8 15. Rfe1 dxe5 16. dxe5 Nf8 17. Qe4 Qc5 18. h4 Rac8 19. Rd3 Qb4 20. Re2
Rxd3 21. Qxd3 c5 22. Rd2 Qa4 23. b3 Qc6 24. Qe2 h6 25. Rd6 1/2-1/2